000 00673nam a22001817a 4500
005 20251108170753.0
008 250721s1995 xx 000 0 ara d
082 1 4 _a218.4/قاد
100 1 _aالقادري، إبراهيم
245 1 0 _aمحاورة علمية حول شد الرحال لزيارة قبر خير البرية صلى الله عليه وسلم :
_bمشروعيتها - كيفيتها ملحق بمساجد المدنية ............ /
264 1 _aدمشق :
_c1995.
300 _a103ص
650 1 7 _aالمسجد النبوي
650 1 7 _aالأماكن المقدسة
650 1 7 _aقبر الرسول
942 _2ddc
_cBK
999 _c48572
_d48572